01154cam a2200241 p 45000010005000000030008000050050017000130080039000300200037000690350018001060400032001240410013001560820027001691110085001962450310002812600060005913000035006515000037006865040053007236500037007767000035008137100064008487036BD-RjUL20211208234345.014 t1976 n a b 101 0 eng a0444110259 (American Elsevier) : a(BD-RjUL)7078 aDLCcDLCdDLCdBD-RjULbeng0 aengbfre00a658.4034216bOPE 19762 aInternational Conference on Operational Research,b7th,cTokyo and Kyoto,d1975.10aOperational research '75 :bproceedings of the seventh IFORS International Conference on Operational Research, Tokyo, Kyoto, Japan, July 17-23, 1975 = Actes de la septième IFORS Conférence internationale de recherche opérationnelle, Tokyo, Kyoto, Japon, 17-23 juillet, 1975 /cedited by K. B. Haley. aAmsterdam ;aNew York :bNorth-Holland Pub. Co.,c1976. axiii, 698 p. :bill. ;c23 cm. aSummaries in English and French. aIncludes bibliographical references and indexes. 0aOperations researchxCongresses.1 aHaley, K. Brianq(Keith Brian)2 aInternational Federation of Operational Research Societies.